[Event "Open Semana Santa 2023"]
[Site "?"]
[Date "2023.04.06"]
[Round "2.114"]
[White "Ribera Cebolla, Marc"]
[Black "Torrecillas Muelas, Maria C"]
[Result "1-0"]
[WhiteElo "2153"]
[BlackElo "1632"]
[PlyCount "97"]

1. e4 c5 2. Nf3 d6 3. d4 cxd4 4. Nxd4 Nf6 5. Nc3 a6 6. Be3 Ng4 7. Bc1 Nc6 8. f3
Qb6 9. Nce2 Nf6 10. Nxc6 bxc6 11. Qd4 Qxd4 12. Nxd4 Bd7 13. Nb3 e5 14. Be3 Be7
15. O-O-O a5 16. c3 a4 17. Na1 Be6 18. a3 O-O 19. g4 Nd7 20. Nc2 c5 21. h4 Rab8
22. Bf2 Nb6 23. Ne3 Rfd8 24. Bg3 Nd7 25. Bc4 Bxc4 26. Nxc4 Nb6 27. Ne3 Rd7 28.
Rh2 f6 29. f4 Rbd8 30. Rhd2 Bf8 31. fxe5 dxe5 32. Rxd7 Rxd7 33. Rxd7 Nxd7 34.
Kc2 Nb6 35. b3 axb3+ 36. Kxb3 c4+ 37. Nxc4 Nxc4 38. Kxc4 Bxa3 39. h5 Kf7 40.
Kd5 Ke7 41. Bf2 Kd7 42. Bb6 Bd6 43. c4 g6 44. c5 Bc7 45. c6+ Kd8 46. Bc5 gxh5
47. gxh5 Ke8 48. Ke6 Bd8 49. Bd6 1-0

[Event "Open Semana Santa 2023"]
[Site "?"]
[Date "2023.04.06"]
[Round "2.115"]
[White "Piris Ferrandis, Asier"]
[Black "Hercegovac, Neven"]
[Result "0-1"]
[WhiteElo "1603"]
[BlackElo "2153"]
[PlyCount "46"]

1. e4 g6 2. d4 Bg7 3. Be3 d6 4. Nc3 a6 5. f3 b5 6. Qd2 Bb7 7. g4 h6 8. h4 Nd7
9. d5 c5 10. dxc6 Bxc6 11. Bd4 Ngf6 12. Nge2 Rc8 13. Ng3 e5 14. Be3 b4 15. Nce2
d5 16. h5 d4 17. Bxh6 Bxh6 18. g5 Nxe4 19. Nxe4 Bxe4 20. gxh6 Rxc2 21. fxe4
Rxd2 22. Kxd2 Rxh6 23. Ng3 Qg5+ 0-1

[Event "Open Semana Santa 2023"]
[Site "?"]
[Date "2023.04.06"]
[Round "2.116"]
[White "Puig Perez, Jordi"]
[Black "Hernandez Leon, Sergio"]
[Result "0-1"]
[WhiteElo "1566"]
[BlackElo "2151"]
[PlyCount "66"]

1. c4 e5 2. g3 Nc6 3. Bg2 g6 4. e3 Bg7 5. Nc3 d6 6. Nge2 f5 7. O-O Nf6 8. a3 a5
9. Nd5 O-O 10. Nec3 e4 11. d4 exd3 12. Qxd3 Ne5 13. Qe2 Re8 14. b3 c6 15. Nxf6+
Bxf6 16. Bb2 Qe7 17. Rfd1 Be6 18. Rac1 g5 19. a4 Bf7 20. Ba3 Rad8 21. Rd2 Qe6
22. Qd1 Be7 23. Rd4 Qh6 24. e4 Bh5 25. f3 g4 26. f4 Nf3+ 27. Bxf3 gxf3 28. Qd2
Bg6 29. exf5 Bxf5 30. Qf2 Bf6 31. Rdd1 Bxc3 32. Rxc3 Re2 33. Qxf3 Qxh2+ 0-1

[Event "Open Semana Santa 2023"]
[Site "?"]
[Date "2023.04.06"]
[Round "2.117"]
[White "Bethencourt Hernandez, Valeria"]
[Black "Nunez Miranda, Adrian"]
[Result "0-1"]
[WhiteElo "1567"]
[BlackElo "2142"]
[PlyCount "72"]

1. e4 c6 2. Nf3 d5 3. Nc3 Bg4 4. Be2 Nf6 5. d3 dxe4 6. Nxe4 Nbd7 7. O-O Qc7 8.
Re1 e6 9. Nd4 Bxe2 10. Qxe2 Nxe4 11. Qxe4 O-O-O 12. Bf4 Bd6 13. Bxd6 Qxd6 14.
Nf3 Nf6 15. Qc4 Nd5 16. Qd4 Kb8 17. Qe5 Nb4 18. Qxd6+ Rxd6 19. Ne5 Rf8 20. Re2
Rd5 21. Nf3 Rc5 22. a3 Nxc2 23. Rc1 Nd4 24. Rxc5 Nxe2+ 25. Kf1 Nf4 26. Rc3 Rd8
27. Ne1 e5 28. g3 Ne6 29. Nf3 f6 30. Ke2 Rd5 31. Rc4 Kc7 32. Rh4 h6 33. Rg4 b5
34. Ke3 g5 35. h3 a5 36. b4 f5 0-1

[Event "Open Semana Santa 2023"]
[Site "?"]
[Date "2023.04.06"]
[Round "2.118"]
[White "Bas Mas, Miguel"]
[Black "Torres Rebolledo, Marcos"]
[Result "1-0"]
[WhiteElo "2107"]
[BlackElo "1557"]
[PlyCount "99"]

1. e4 c5 2. Nc3 Nc6 3. Bb5 Nd4 4. Nf3 a6 5. Bc4 e6 6. Nxd4 cxd4 7. Ne2 b5 8.
Bb3 Bc5 9. d3 h6 10. O-O Bb7 11. f3 Nf6 12. Qe1 Nh5 13. Bd2 O-O 14. g4 Nf6 15.
Qg3 Nh7 16. Kg2 d5 17. Nf4 dxe4 18. fxe4 Bc8 19. Nh5 Be7 20. a4 Bb7 21. axb5
axb5 22. Rxa8 Bxa8 23. Qe5 Nf6 24. Nxf6+ Bxf6 25. Qxb5 Qc7 26. Bf4 e5 27. Bxh6
Bc6 28. Qc4 Qb7 29. Rxf6 gxf6 30. Bxf8 Kxf8 31. Kf3 Qd7 32. h3 Kg7 33. Kg3 Qb7
34. h4 Qd7 35. Qb4 Bb7 36. Qd2 Bc8 37. Qe2 Qa7 38. Qf1 Qd7 39. Qf3 Qd8 40. Bc4
Kg6 41. g5 f5 42. exf5+ Kg7 43. Qe4 Qc7 44. Kg4 Qd6 45. Qd5 Qc7 46. g6 Kf6 47.
Qxf7+ Qxf7 48. gxf7 Bxf5+ 49. Kf3 Ke7 50. b4 1-0

[Event "Open Semana Santa 2023"]
[Site "?"]
[Date "2023.04.06"]
[Round "2.120"]
[White "Gutierrez Lupion, Nuria"]
[Black "Martinez Soriano, Javier"]
[Result "0-1"]
[WhiteElo "1551"]
[BlackElo "2006"]
[PlyCount "84"]

1. e4 e6 2. d4 d5 3. Nd2 c5 4. exd5 Qxd5 5. dxc5 Bxc5 6. Ngf3 Nf6 7. Bc4 Qd8 8.
O-O Qc7 9. Qe2 Nbd7 10. Nb3 Be7 11. Bg5 O-O 12. Rad1 Nb6 13. Bd3 Nbd5 14. a3
Nf4 15. Qe5 Qxe5 16. Nxe5 Nxd3 17. Rxd3 h6 18. Bh4 g5 19. Bg3 Ne4 20. f4 Kg7
21. Be1 f6 22. Nc4 b6 23. fxg5 hxg5 24. Rd4 Nc5 25. Bf2 e5 26. Rdd1 Ne4 27.
Rfe1 Nxf2 28. Kxf2 Be6 29. Nd6 Rfd8 30. Nb5 Rxd1 31. Rxd1 Rc8 32. Rd2 a6 33.
Nc3 Bxa3 34. Na4 Bb4 35. Re2 b5 36. Nc3 Bxc3 37. bxc3 Rxc3 38. Nc1 a5 39. Rd2
a4 40. Ne2 Rc6 41. c3 a3 42. Rd8 Bb3 0-1

[Event "Open Semana Santa 2023"]
[Site "?"]
[Date "2023.04.06"]
[Round "2.121"]
[White "San Vicente Crespo, Pablo"]
[Black "Fernandez Fernandez, Juan Carlos"]
[Result "1-0"]
[WhiteElo "1547"]
[BlackElo "1953"]
[PlyCount "151"]
[EventDate "2023.??.??"]

1. e4 c6 2. d4 d5 3. exd5 cxd5 4. Bd3 Nf6 5. c3 Nc6 6. Bf4 Bg4 7. Qb3 Qc8 8.
Nd2 e6 9. Ngf3 Be7 10. O-O O-O 11. Rfe1 Bh5 12. Ne5 Nxe5 13. dxe5 Nd7 14. Qc2
Bg6 15. Bxg6 fxg6 16. Bg3 Nb6 17. Rac1 Bg5 18. Rcd1 Bxd2 19. Rxd2 Qc5 20. Qd3
Rac8 21. Qd4 Qb5 22. Qg4 Rf5 23. Qe2 Qa5 24. Rdd1 a6 25. a3 Nc4 26. Rd4 Qb6 27.
h3 Rc6 28. Qc2 Rf7 29. Re2 Qc7 30. Qa4 b5 31. Qb3 Rf5 32. Qd1 a5 33. Kh2 a4 34.
b3 Nb6 35. c4 bxc4 36. bxc4 Rxc4 37. Rxc4 Qxc4 38. Rb2 Qc7 39. Qb1 Nc4 40. Rb7
Qc6 41. Qb4 h6 42. Qe7 Qxb7 43. Qxb7 Nxa3 44. Qa8+ Kh7 45. Qxa4 Nc4 46. Qc6
Nxe5 47. Qxe6 Nf7 48. f3 Ng5 49. Qd7 d4 50. h4 Nf7 51. Qxd4 Nh8 52. Qd3 Nf7 53.
Bf2 Ne5 54. Qc3 Nd7 55. Bd4 Nf6 56. Bxf6 Rxf6 57. g4 Kg8 58. Kg3 Kh7 59. Qd3
Kg8 60. Qd8+ Rf8 61. Qe7 Rf6 62. f4 Rf8 63. Qe6+ Kh7 64. Qe4 Rf6 65. h5 Rb6 66.
Kh4 Rf6 67. hxg6+ Kg8 68. f5 Rf8 69. Qe7 Rf6 70. Kg3 Rf8 71. Kf4 Rf6 72. g5
hxg5+ 73. Kxg5 Rf8 74. Qe6+ Kh8 75. Qe7 Kg8 76. Qe4 1-0

[Event "Open Semana Santa 2023"]
[Site "?"]
[Date "2023.04.06"]
[Round "2.122"]
[White "Fuentes Guinot, Angel"]
[Black "Ortega Sanchez Montanez, Marcos"]
[Result "1-0"]
[WhiteElo "1941"]
[BlackElo "1538"]
[Annotator "Usuario"]
[PlyCount "137"]

1. d4 Nf6 2. Nf3 d5 3. c4 e6 4. g3 dxc4 5. Bg2 Nbd7 6. O-O Rb8 7. a4 a6 8. a5
Bd6 9. Nbd2 b5 10. axb6 Nxb6 11. Qc2 O-O 12. Rd1 Bd7 13. Nxc4 Nxc4 14. Qxc4 Bb5
15. Qc2 h6 16. Bf4 Nd7 17. e3 Qe7 18. Rac1 Rfc8 19. Bxd6 cxd6 20. Qxc8+ Rxc8
21. Rxc8+ Kh7 $11 22. Rdc1 d5 23. Bf1 Bxf1 24. Kxf1 Qb4 25. R1c2 Nf6 26. Ne5
Qb3 27. Kg2 Ne4 28. Nxf7 Kg6 29. Ne5+ Kh7 30. h4 h5 31. R8c6 a5 32. f3 Nf6 33.
Kf2 Qa4 34. Nf7 Qa1 35. Ng5+ Kh6 36. Kg2 Qa4 37. Nxe6 Qb3 38. Kf2 Qd3 39. Nf4
Qd1 40. Nxd5 Qh1 41. Nf4 Kh7 42. R6c5 a4 43. Rc1 Qh2+ 44. Ng2 Qh3 45. R1c4 Qh1
46. Rc1 Qh3 47. Rg5 Qe6 48. Rc2 Qf7 49. Nf4 Qb3 50. Rgc5 Qf7 51. e4 Qb3 52. d5
Nd7 53. R5c3 Qb6+ 54. Kg2 Ne5 55. Nxh5 Qd4 56. Nf4 Qd1 57. Rf2 Qd4 58. Ne6 Qd1
59. Ng5+ Kh6 60. g4 Nd3 61. Rxd3 Qxd3 62. d6 Kg6 63. e5 Qd5 64. Re2 Qd3 65. Rf2
Qd5 66. Ne4 Kf7 67. Rd2 Qa8 68. d7 Ke7 69. d8=Q+ 1-0

[Event "Open Semana Santa 2023"]
[Site "?"]
[Date "2023.04.06"]
[Round "2.123"]
[White "Lirola Gimeno, Manuel Jaime"]
[Black "Roquero Redondo, Miguel"]
[Result "0-1"]
[WhiteElo "1407"]
[BlackElo "1924"]
[PlyCount "104"]

1. e4 c5 2. Nf3 d6 3. d4 cxd4 4. Nxd4 Nf6 5. Nc3 e6 6. Bg5 Be7 7. f4 Nc6 8. Be2
h6 9. Bh4 O-O 10. O-O Qb6 11. Bf2 Qxb2 12. Qd2 Qb4 13. Rab1 Qa5 14. Bb5 Nxd4
15. Bxd4 a6 16. Be2 b5 17. a4 b4 18. Na2 Nxe4 19. Qe3 d5 20. c3 b3 21. Rxb3
Qxa4 22. Rb2 Bd7 23. Nb4 a5 24. Nd3 Rfb8 25. Rfb1 Rxb2 26. Rxb2 Bb5 27. Nf2
Qa1+ 28. Nd1 Bxe2 29. Qxe2 Qa4 30. Rb1 Qc6 31. Nf2 Bc5 32. Bxc5 Qxc5 33. Rc1 a4
34. Kf1 Nxf2 35. Qxf2 Qxf2+ 36. Kxf2 Kf8 37. Ke3 Ke7 38. Ra1 Kd6 39. Kd4 a3 40.
Ra2 Ra4+ 41. Ke3 Kc5 42. g3 Kc4 43. Kd2 Kb3 44. Ra1 Kb2 45. Rc1 a2 46. Rc2+ Kb3
47. c4 a1=Q 48. c5 Qd4+ 49. Ke2 Kxc2 50. c6 Qd2+ 51. Kf3 f5 52. g4 Ra3# 0-1

[Event "Open Semana Santa 2023"]
[Site "?"]
[Date "2023.04.06"]
[Round "2.124"]
[White "Domenech Sanz, Vicente"]
[Black "Suarez Hernan, Santiago"]
[Result "0-1"]
[WhiteElo "1403"]
[BlackElo "1917"]
[PlyCount "94"]
[EventDate "2023.??.??"]

1. e4 c6 2. Nc3 d5 3. exd5 cxd5 4. d4 Nc6 5. Nf3 Bg4 6. h3 Bh5 7. g4 Bg6 8. Ne5
a6 9. Bg2 e6 10. a3 Bd6 11. Nxg6 hxg6 12. Qd3 Nf6 13. Bg5 Qb6 14. O-O Qxd4 15.
Qxd4 Nxd4 16. Rac1 Kf8 17. Rfd1 Nc6 18. Ne2 Be5 19. b4 b5 20. c3 Kg8 21. Be3
Kh7 22. f4 Bb8 23. f5 gxf5 24. gxf5 Ba7 25. Bxa7 Rxa7 26. fxe6 fxe6 27. Nf4 Re8
28. Re1 Rae7 29. Nd3 e5 30. Nc5 e4 31. Nxa6 Ra7 32. Nc5 Rxa3 33. Nb7 Ne5 34.
Nd6 Rb8 35. Re3 Nd3 36. Rc2 Rb6 37. Nf5 Rc6 38. Nd4 Rcxc3 39. Rxc3 Rxc3 40.
Nxb5 Rc1+ 41. Kh2 Nxb4 42. Kg3 Nd3 43. Nd4 Nh5+ 44. Kg4 g6 45. Re2 Ndf4 46. Ra2
Rg1 47. Ra7+ Kh6 0-1

[Event "Open Semana Santa 2023"]
[Site "?"]
[Date "2023.04.06"]
[Round "2.125"]
[White "Priakhin, Nikita"]
[Black "Martinez Soriano, Pablo"]
[Result "0-1"]
[WhiteElo "1342"]
[BlackElo "1877"]
[PlyCount "38"]

1. c4 Nf6 2. g3 c6 3. d4 d5 4. cxd5 cxd5 5. Nc3 Nc6 6. Nf3 g6 7. Bg2 Bg7 8. O-O
O-O 9. Bg5 h6 10. Bf4 Bf5 11. Qd2 Kh7 12. Ne5 Rc8 13. Rac1 Ne4 14. Nxe4 dxe4
15. Nxc6 Rxc6 16. Rxc6 bxc6 17. Rd1 Qd5 18. b3 Rd8 19. Be5 Bxe5 0-1

[Event "Open Semana Santa 2023"]
[Site "?"]
[Date "2023.04.06"]
[Round "2.126"]
[White "Amoros Moran, Jose Joaquin"]
[Black "Nunez De Arenas Navarro, Agnes"]
[Result "1-0"]
[WhiteElo "1871"]
[BlackElo "1245"]
[PlyCount "67"]

1. e4 c6 2. d4 d5 3. e5 Bf5 4. c4 dxc4 5. Bxc4 e6 6. Nc3 Ne7 7. Nge2 Bg6 8. O-O
Nf5 9. g4 Ne7 10. Ng3 Nd7 11. f4 Nb6 12. Bb3 h6 13. f5 exf5 14. gxf5 Bh7 15. f6
Ned5 16. fxg7 Bxg7 17. Qg4 Bg6 18. Nf5 Rg8 19. Nd6+ Kf8 20. Qxg6 Bf6 21. Bxh6+
Ke7 22. Bg7 fxg6 23. Bxf6+ Nxf6 24. Rxf6 Rf8 25. Raf1 Rxf6 26. Rxf6 Nd5 27.
Bxd5 Qb6 28. Rf7+ Kd8 29. Nxb7+ Ke8 30. Nd6+ Kd8 31. Nb7+ Ke8 32. Nd6+ Kd8 33.
Be6 Qxd4+ 34. Kh1 1-0

[Event "Open Semana Santa 2023"]
[Site "?"]
[Date "2023.04.06"]
[Round "2.131"]
[White "Andries, Leia"]
[Black "FM Mingarro Carceller, Sergi"]
[Result "0-1"]
[WhiteElo "1627"]
[BlackElo "2308"]
[PlyCount "72"]

1. e4 c5 2. c3 Nf6 3. e5 Nd5 4. d4 cxd4 5. Nf3 d6 6. Qxd4 e6 7. Nbd2 Nc6 8. Bb5
Qb6 9. Bxc6+ Qxc6 10. Ne4 dxe5 11. Nxe5 Qc7 12. O-O f6 13. Qa4+ Bd7 14. Qxd7+
Qxd7 15. Nxd7 Kxd7 16. Re1 Be7 17. Bd2 Rhc8 18. Rad1 Ke8 19. Ng3 Kf7 20. Rc1 b5
21. Ne4 Rc6 22. g4 Rac8 23. Be3 Ra6 24. a3 Ra4 25. Bd2 Nb6 26. Rc2 a5 27. Bc1
Rac4 28. h3 R4c6 29. f3 b4 30. axb4 axb4 31. Bd2 b3 32. Rcc1 Nc4 33. Rb1 f5 34.
Ng5+ Kg6 35. Nxe6 Nxd2 36. Red1 Nxf3+ 0-1

[Event "Open Semana Santa 2023"]
[Site "?"]
[Date "2023.04.06"]
[Round "2.132"]
[White "FM Milat, Marcel"]
[Black "Nechifor, David"]
[Result "1-0"]
[WhiteElo "2237"]
[BlackElo "1626"]
[PlyCount "137"]

1. e4 c5 2. Nc3 d6 3. Nge2 Nf6 4. g3 g6 5. Bg2 Bg7 6. O-O O-O 7. d4 cxd4 8.
Nxd4 a6 9. h3 Qc7 10. Bg5 e6 11. a4 h6 12. Be3 Nc6 13. Qd2 Kh7 14. Rfd1 Rd8 15.
Nxc6 bxc6 16. a5 Qb8 17. Na4 Qb5 18. c4 Qb7 19. e5 Ne8 20. f4 Bf8 21. Qf2 Bd7
22. Bb6 Rdb8 23. Rd2 d5 24. Nc5 Qc8 25. Rad1 Be7 26. g4 Ng7 27. Ne4 Qf8 28.
Nf6+ Bxf6 29. exf6 Ne8 30. Bc5 Qh8 31. g5 h5 32. Qe2 Kg8 33. Qe5 Rc8 34. Bb6
Kh7 35. Rc2 Qf8 36. Rdc1 Qd6 37. Bf1 Qxe5 38. fxe5 Kg8 39. Kf2 Nc7 40. Ke3 Kf8
41. Rc3 Ke8 42. Kd4 dxc4 43. Bxc7 Rxc7 44. Rxc4 Rb7 45. b4 Rab8 46. Kc3 Rc7 47.
Rc5 Ra7 48. Rd1 Rc8 49. Rd6 Kd8 50. Bg2 Rac7 51. Be4 Ke8 52. Bf3 Kd8 53. Be2
Ra7 54. Kd4 Ke8 55. Rc1 Rb8 56. Kc5 Kd8 57. Rcd1 Ke8 58. Bxa6 Rc7 59. Be2 Ra7
60. Bf1 Rc7 61. Bg2 Rb5+ 62. Kc4 Rb8 63. Rxd7 Rxd7 64. Bxc6 Rc8 65. Rd6 Rxc6+
66. Rxc6 Rb7 67. Rc8+ Kd7 68. Rf8 Kc6 69. b5+ 1-0

[Event "Open Semana Santa 2023"]
[Site "?"]
[Date "2023.04.06"]
[Round "2.133"]
[White "FM Fernandez Siles, Luis"]
[Black "Ferrete Rueda, Juan Carlos"]
[Result "1-0"]
[WhiteElo "2222"]
[BlackElo "1620"]
[PlyCount "51"]

1. e4 c6 2. Nc3 d5 3. Nf3 e6 4. d4 Bb4 5. e5 b6 6. Bd2 Ba6 7. Ne2 Bxd2+ 8. Qxd2
c5 9. h4 Nc6 10. c3 h6 11. h5 Nge7 12. g4 Kd7 13. Qe3 cxd4 14. Nexd4 Bxf1 15.
Rxf1 a6 16. O-O-O Na5 17. Qf4 Rf8 18. g5 hxg5 19. Nxg5 Qe8 20. Rg1 Nac6 21. Nh7
Rg8 22. Rxg7 Qb8 23. Nf6+ Kc7 24. Nxg8 Nxd4 25. cxd4 Nxg8 26. Rxf7+ 1-0

[Event "Open Semana Santa 2023"]
[Site "?"]
[Date "2023.04.06"]
[Round "2.134"]
[White "CM Aymerich Verdaguer, Eduard"]
[Black "Galiana Fernandez, Hector"]
[Result "1-0"]
[WhiteElo "2215"]
[BlackElo "1599"]
[PlyCount "39"]

1. d4 Nf6 2. Nf3 g6 3. c4 Bg7 4. Nc3 d5 5. Bf4 Nc6 6. Nb5 O-O 7. e3 dxc4 8.
Bxc4 a6 9. Nc3 b5 10. Be2 Bb7 11. Rc1 Rc8 12. h3 Na7 13. b4 e6 14. a4 Nd5 15.
Nxd5 Bxd5 16. O-O Qe7 17. Rc5 Qd7 18. Qc2 bxa4 19. Bxa6 Bb3 20. Qe2 1-0

[Event "Open Semana Santa 2023"]
[Site "?"]
[Date "2023.04.06"]
[Round "2.135"]
[White "CM Molina Carretero, Daniel"]
[Black "Planelles Ortega, Emilio"]
[Result "1-0"]
[WhiteElo "2209"]
[BlackElo "1592"]
[PlyCount "97"]

1. c4 e5 2. g3 c6 3. d4 d6 4. Bg2 exd4 5. Qxd4 Nf6 6. Nc3 Be7 7. Nf3 h6 8. O-O
O-O 9. h3 Be6 10. Rd1 Qc7 11. Kh2 Rd8 12. e4 Nbd7 13. b3 a6 14. Bb2 Rab8 15.
Rac1 Bf8 16. Nh4 c5 17. Qd2 Ne5 18. f4 Nc6 19. Nd5 Bxd5 20. exd5 Ne7 21. Bxf6
gxf6 22. Be4 Bg7 23. Re1 f5 24. Bb1 Re8 25. Qd3 Qd7 26. Re2 b5 27. cxb5 axb5
28. Rce1 b4 29. Qf3 Bc3 30. Bxf5 Nxf5 31. Qg4+ Kf8 32. Nxf5 Rxe2+ 33. Rxe2 Re8
34. Rxe8+ Qxe8 35. Nxh6 Bg7 36. Nf5 Bf6 37. Nxd6 Qe1 38. Qc8+ Kg7 39. Qg4+ Kf8
40. Qf3 Bd4 41. h4 Bg1+ 42. Kh3 Bd4 43. Qe4 Qf1+ 44. Kg4 Qd1+ 45. Kg5 f6+ 46.
Kh6 Be5 47. fxe5 Qd2+ 48. Qf4 Qxd5 49. Qxf6+ 1-0

[Event "Open Semana Santa 2023"]
[Site "?"]
[Date "2023.04.06"]
[Round "2.137"]
[White "Tudela Gonzalez, Victor"]
[Black "Soliva Ruiz, Ramon"]
[Result "1/2-1/2"]
[WhiteElo "2094"]
[BlackElo "1582"]
[PlyCount "94"]

1. d4 Nf6 2. c4 e6 3. Nc3 d5 4. Nf3 a6 5. e3 Be7 6. Bd3 dxc4 7. Bxc4 b5 8. Bd3
Bb7 9. a3 O-O 10. O-O c5 11. dxc5 Bxc5 12. b4 Be7 13. Bb2 Nbd7 14. Be2 Qb6 15.
Qb3 Nd5 16. Rfd1 N7f6 17. Nd4 Rac8 18. Rac1 Rc7 19. Rc2 Nxc3 20. Rxc3 Rfc8 21.
Rdc1 Rxc3 22. Rxc3 Rxc3 23. Qxc3 Nd5 24. Qb3 Bf6 25. Bf3 Nc7 26. Bxb7 Qxb7 27.
Qc2 Bxd4 28. Bxd4 f6 29. h3 Nd5 30. Bc5 f5 31. e4 fxe4 32. Qxe4 Qf7 33. Qe5 h6
34. Qd6 Qg6 35. Qxa6 Nf4 36. Qa8+ Kh7 37. Kh2 Nd3 38. Be3 Qf5 39. Qa7 Qe5+ 40.
g3 Ne1 41. Qb7 Nc2 42. Bf4 Qe2 43. Qa7 Ne1 44. Qe3 Nf3+ 45. Kg2 Ne1+ 46. Kg1
Nf3+ 47. Kg2 Ne1+ 1/2-1/2

[Event "Open Semana Santa 2023"]
[Site "?"]
[Date "2023.04.06"]
[Round "2.138"]
[White "Herrera Pezo, Enoch"]
[Black "Cuenca Jimenez, Francisco Javier"]
[Result "0-1"]
[WhiteElo "1603"]
[BlackElo "2094"]
[PlyCount "90"]

1. e4 c5 2. Nf3 Nc6 3. d4 cxd4 4. Nxd4 e5 5. Nb5 d6 6. c4 g6 7. Be2 a6 8. N5a3
Be6 9. Nc3 Nf6 10. O-O Bg7 11. Nc2 O-O 12. Bg5 h6 13. Bxf6 Bxf6 14. Nd5 Bg7 15.
Qd2 Rc8 16. Rfd1 f5 17. f3 fxe4 18. fxe4 Qh4 19. Qe3 Nd4 20. Nxd4 exd4 21. Qg3
Qxg3 22. hxg3 Bxd5 23. exd5 Be5 24. g4 Kg7 25. Rf1 Bf4 26. Kh1 Rce8 27. Bd3 Re3
28. Rf3 g5 29. Raf1 Rfe8 30. g3 Rxf3 31. Rxf3 Bc1 32. b3 Re3 33. Rxe3 dxe3 34.
Kg2 Kf6 35. Kf3 Ke5 36. Ke2 Kd4 37. Bb1 Ba3 38. Bf5 b6 39. Bc8 a5 40. Bd7 Bc5
41. Bf5 a4 42. Bc2 a3 43. Ke1 Kc3 44. Bd1 Kb2 45. Ke2 Kxa2 0-1

[Event "Open Semana Santa 2023"]
[Site "?"]
[Date "2023.04.06"]
[Round "2.139"]
[White "Robledo Sanchez, Saul"]
[Black "Burriel Ureta, Raul"]
[Result "1-0"]
[WhiteElo "1931"]
[BlackElo "1579"]
[Annotator "Usuario"]
[PlyCount "47"]

1. e4 e5 2. Nf3 Nf6 3. Nxe5 d6 4. Nf3 Nxe4 5. d4 d5 6. Bd3 Bd6 7. O-O O-O 8.
Re1 f5 9. c4 c6 10. Nc3 Be6 11. Qb3 Qd7 12. Ne2 b6 13. Bf4 h6 14. cxd5 cxd5 $11
15. Rac1 Qf7 16. Bxd6 Nxd6 17. Ne5 Qf6 18. Nf4 Kh7 19. Ng4 Qh4 20. Nxe6 Rf7 21.
Ne5 Re7 22. Qxd5 Nb7 23. Nf8+ Kh8 24. Neg6# 1-0

[Event "Open Semana Santa 2023"]
[Site "?"]
[Date "2023.04.06"]
[Round "2.140"]
[White "Alvarez Morales, Miguel"]
[Black "Rouiller, Leonard"]
[Result "1-0"]
[WhiteElo "1924"]
[BlackElo "1573"]
[PlyCount "41"]

1. c4 e5 2. g3 c6 3. d4 Bb4+ 4. Bd2 Bxd2+ 5. Qxd2 exd4 6. Qxd4 Nf6 7. Bg2 O-O
8. Nc3 Re8 9. Nf3 d5 10. O-O h6 11. Rad1 Be6 12. e4 Qa5 13. exd5 cxd5 14. cxd5
Rd8 15. b4 Qa6 16. Ne5 Nc6 17. b5 Nxd4 18. bxa6 Nxd5 19. Bxd5 Rxd5 20. Nxd5 Nc6
21. axb7 1-0

[Event "Open Semana Santa 2023"]
[Site "?"]
[Date "2023.04.06"]
[Round "2.141"]
[White "Kratz, Jonathan"]
[Black "Kita Ruiz, Ichiro"]
[Result "0-1"]
[WhiteElo "1600"]
[BlackElo "1919"]
[PlyCount "116"]
[EventDate "2023.??.??"]

1. d4 Nf6 2. c4 e6 3. Nc3 Bb4 4. f3 c5 5. d5 d6 6. e4 O-O 7. Nge2 exd5 8. cxd5
Bd7 9. Ng3 Re8 10. Be2 Na6 11. O-O Nc7 12. Bg5 h6 13. Bf4 Qe7 14. a4 a6 15. a5
Nb5 16. Qc1 Nd4 17. Bd1 Rac8 18. Kh1 Nh7 19. Re1 g5 20. Bd2 Nf8 21. f4 f6 22.
Bc2 Qf7 23. Qd1 Nxc2 24. Qxc2 Ng6 25. fxg5 fxg5 26. Rf1 Qe7 27. Nf5 Bxf5 28.
exf5 Ne5 29. f6 Qf7 30. Ne4 Rcd8 31. Bxg5 hxg5 32. Nxg5 Qg6 33. f7+ Kf8 34.
Ne6+ Ke7 35. Qxg6 Nxg6 36. Nxd8 Rxd8 37. g3 Ne5 38. f8=Q+ Rxf8 39. Rxf8 Kxf8
40. h4 Nc4 41. g4 Nxb2 42. g5 Nd3 43. h5 Kg7 44. Kh2 c4 45. Rf1 Bc3 46. Kg3
Be5+ 47. Kg4 c3 48. Rb1 c2 49. Rxb7+ Kf8 50. Rb8+ Ke7 51. Rc8 Nc5 52. Rc7+ Kd8
53. Rxc5 dxc5 54. Kf5 c1=Q 55. h6 Qf4+ 56. Kg6 Ke7 57. Kh5 Bf6 58. g6 Qg5# 0-1

[Event "Open Semana Santa 2023"]
[Site "?"]
[Date "2023.04.06"]
[Round "2.142"]
[White "Bascunana Sanchez, Pablo"]
[Black "Pardo Ruiz, Beatriz"]
[Result "1-0"]
[WhiteElo "1918"]
[BlackElo "1570"]
[PlyCount "135"]

1. e4 e5 2. Nf3 Nf6 3. Nxe5 d6 4. Nf3 Nxe4 5. d4 d5 6. Bd3 Nf6 7. O-O Be7 8.
Nbd2 O-O 9. Ne5 Nbd7 10. f4 Re8 11. Ndf3 c5 12. c3 Qc7 13. Be3 b6 14. h3 c4 15.
Bc2 Bb7 16. Qb1 h6 17. g4 Ne4 18. Nxd7 Qxd7 19. Bxe4 dxe4 20. Ne5 Qc7 21. Qe1
Qd8 22. Qe2 b5 23. Rad1 Kh7 24. Nxf7 Qd5 25. Ne5 Bd6 26. Rf2 Rad8 27. Rdf1 Rf8
28. Qc2 Bc8 29. Kg2 Rf6 30. Qe2 Rdf8 31. f5 Bc7 32. Ng6 R8f7 33. Kg1 Ra6 34. a3
Bd7 35. Rg2 Be8 36. Bf4 Bd8 37. Qe3 Rb7 38. Nf8+ Kg8 39. Ne6 Bb6 40. Be5 Qxe5
41. Re1 Qd6 42. g5 h5 43. g6 Bd7 44. Qxe4 Bc6 45. Qe2 Qd5 46. Nc7 Qd6 47. Nxa6
Bxg2 48. Qe8+ Qf8 49. Kxg2 Bd8 50. Nc5 Re7 51. Rxe7 Bxe7 52. Qxf8+ Bxf8 53. Ne6
a5 54. Nxf8 Kxf8 55. Kf3 Ke7 56. Kf4 Kf6 57. h4 a4 58. Ke4 Ke7 59. Ke5 Ke8 60.
Ke6 Kf8 61. Kd7 b4 62. cxb4 c3 63. bxc3 Kg8 64. Ke7 Kh8 65. b5 Kg8 66. b6 Kh8
67. b7 Kg8 68. b8=Q# 1-0

[Event "Open Semana Santa 2023"]
[Site "?"]
[Date "2023.04.06"]
[Round "2.143"]
[White "Candela Martin, Alvaro"]
[Black "Serrano Requena, Guillem"]
[Result "1/2-1/2"]
[WhiteElo "1917"]
[BlackElo "1563"]
[PlyCount "130"]

1. e4 Nf6 2. e5 Nd5 3. d4 d6 4. Nf3 Bg4 5. c4 Nb6 6. exd6 cxd6 7. Be2 Nc6 8. b3
g6 9. Be3 Bg7 10. Nc3 O-O 11. O-O Re8 12. Rc1 Rc8 13. Qd2 a6 14. h3 Bxf3 15.
Bxf3 Nd7 16. Rfd1 Qa5 17. a3 Nf6 18. Ra1 e5 19. b4 Qd8 20. d5 Ne7 21. c5 Nf5
22. Na4 e4 23. Be2 Nxe3 24. fxe3 dxc5 25. d6 cxb4 26. axb4 Nd7 27. Rac1 b5 28.
Nc5 Nxc5 29. bxc5 Bh6 30. d7 Qg5 31. dxe8=Q+ Rxe8 32. Rc3 b4 33. Rb3 a5 34. Bb5
Rc8 35. Qd5 Rxc5 36. Qxg5 Bxg5 37. Ba4 Kf8 38. Rd2 f5 39. Kh2 f4 40. Rf2 Rf5
41. Rbb2 fxe3 42. Rxf5+ gxf5 43. Kg3 h5 44. Bb5 f4+ 45. Kh2 Bf6 46. Re2 b3 47.
Bc6 a4 48. Bxa4 b2 49. Bc2 Be5 50. Kg1 f3 51. gxf3 exf3 52. Rxe3 Bd4 53. Kf2
Kg7 54. Kxf3 Bxe3 55. Kxe3 Kh8 56. Kd2 h4 57. Kc3 Kg7 58. Kxb2 Kh8 59. Kc3 Kg7
60. Kd4 Kh8 61. Ke5 Kg7 62. Ke6 Kh8 63. Bb3 Kg7 64. Ke7 Kh7 65. Kf8 Kh8 1/2-1/2

[Event "Open Semana Santa 2023"]
[Site "?"]
[Date "2023.04.06"]
[Round "2.144"]
[White "Roche Fraile, Carlos"]
[Black "Ontanon Gomez, Jesus"]
[Result "0-1"]
[WhiteElo "1593"]
[BlackElo "1917"]
[Annotator "Usuario"]
[PlyCount "98"]
[EventDate "2023.??.??"]

1. e4 c5 2. c3 d5 3. exd5 Qxd5 4. d4 Nf6 5. Na3 a6 6. Be3 cxd4 7. Bxd4 Nc6 8.
Nf3 Bg4 9. Bxf6 Qxd1+ 10. Rxd1 exf6 11. Nc4 Rd8 12. Rxd8+ Kxd8 13. Be2 Bc5 14.
Ne3 Be6 15. a3 Kc7 16. O-O Re8 17. Bd3 Ne5 18. Be2 Nxf3+ 19. Bxf3 Rd8 20. Rd1
Rxd1+ 21. Bxd1 Kd6 22. Be2 $11 Bxe3 23. fxe3 h6 24. Kf2 Ke5 25. Bd3 b5 26. b4
f5 27. g3 g6 28. Be2 Bd5 29. Bf3 Bxf3 30. Kxf3 Kd5 31. Kf4 f6 32. h4 h5 33. Kf3
Kc4 34. e4 fxe4+ 35. Kxe4 Kxc3 36. Kd5 Kb3 37. Ke6 Kxa3 38. Kxf6 Kxb4 39. Kxg6
a5 40. Kxh5 a4 41. g4 a3 42. g5 a2 43. Kh6 a1=Q 44. g6 Qh8+ 45. Kg5 Kc5 46. h5
b4 47. h6 b3 48. g7 Qh7 49. Kg4 b2 0-1

[Event "Open Semana Santa 2023"]
[Site "?"]
[Date "2023.04.06"]
[Round "2.145"]
[White "Segura Marsa, Andres"]
[Black "Zoukou, Ylann"]
[Result "1-0"]
[WhiteElo "1916"]
[BlackElo "1555"]
[PlyCount "47"]

1. e4 e5 2. Nf3 Nf6 3. d4 Nxe4 4. dxe5 Bc5 5. Nd4 Nxf2 6. Kxf2 Qh4+ 7. Ke3 d5
8. c3 Nc6 9. Bb5 O-O 10. Bxc6 bxc6 11. Nd2 f5 12. N2f3 f4+ 13. Kd2 Qh6 14. Qa4
Bd7 15. e6 Bxe6 16. Qxc6 Bxd4 17. cxd4 Qg6 18. Rg1 Qe4 19. Re1 Bd7 20. Qxd7 Qg6
21. Qe6+ Qxe6 22. Rxe6 Rfe8 23. Rxe8+ Rxe8 24. Kd3 1-0